Los espacios de Riemann y la economía matemática / (Record no. 150832)

MARC details
000 -LEADER
campo de control de longitud fija 00543nam a2200169 i 4500
001 - NÚMERO DE CONTROL
campo de control 150832
003 - IDENTIFICADOR DE NÚMERO DE CONTROL
campo de control ES-MaACL
005 - FECHA Y HORA DE LA ÚLTIMA TRANSACCIÓN
campo de control 20230906203723.0
007 - CAMPO FIJO DE DESCRIPCIÓN FÍSICA--INFORMACIÓN GENERAL
campo de control de longitud fija t|
008 - DATOS DE LONGITUD FIJA--INFORMACIÓN GENERAL
campo de control de longitud fija 071114s1951 sp ||||1| spa d
100 1# - ENTRADA PRINCIPAL--NOMBRE DE PERSONA
Nombre de persona Gallego Díaz, José.
9 (RLIN) 53559
245 14 - MENCIÓN DEL TÍTULO
Título Los espacios de Riemann y la economía matemática /
Mención de responsabilidad, etc. por José Gallego Díaz.
260 ## - PUBLICACIÓN, DISTRIBUCIÓN, ETC.
Lugar de publicación, distribución, etc. [Madrid :
Nombre del editor, distribuidor, etc. s.n.,
Fecha de publicación, distribución, etc. 1951]
300 ## - DESCRIPCIÓN FÍSICA
Extensión 6 h. ;
Dimensiones 24 cm.
500 ## - NOTA GENERAL
Nota general Es separata de la revista: "De Economía", vol. 4, fasc. 3, p. 130-140.
852 ## - LOCALIZACIÓN
Ubicación ES-MaACL
Número de control de estantería 1928-F-25
Sublocalización o colección R.31595
Holdings
Estatus retirado Estado de pérdida Estado de daño No para préstamo Colección Biblioteca de origen Biblioteca actual Ubicación en estantería Fecha de adquisición Fuente de adquisición Total de préstamos Signatura topográfica completa Código de barras Visto por última vez Precio de reemplazo Tipo de ítem Koha
        Colección de folletos Biblioteca del Ateneo de Madrid Biblioteca del Ateneo de Madrid Depósito folletos 17/01/2008     1928-F-25 1157388 23/02/2023 23/02/2023 Folleto